000 00668nam a2200205Ia 4500
001 668
003 GE_BSU
008 181216s||||||||xx |||||||||||||| ||und||
040 _cGE_BSU
080 _a171(075.8)
100 _aკუკავა, თამარ
245 _aეთიკა
245 _bსახელმძღვანელო უმაღლ. სასწ.
260 _aთბილისი
260 _c1998
300 _a263 გვ.
541 _h8 ლ.
653 _aეთიკის სახელმძღვანელოები უმაღლესი სასწავლებლებისათვის
942 _cBK
999 _c34851
_d34851